| 000 | 00791nam a22002177a 4500 | ||
|---|---|---|---|
| 999 |
_c9972 _d9972 |
||
| 003 | AR-CdUCM | ||
| 008 | 190329b ||||| |||| 00| 0 spa980 / d | ||
| 040 |
_aMUNICIPALIDAD PROVINCIAL DEL CUSCO _cBIBLIOTECA MUNICIPAL DEL CUSCO |
||
| 082 |
_a980 / _bP46 / 1925 |
||
| 100 |
_aPereyra, Carlos _918565 |
||
| 245 | _aHistoria de la América Española / | ||
| 260 |
_aMadrid : _bSaturnino Calleja, _c1925. |
||
| 300 |
_a1 tomo : _bgrabados, mapas, ilustraciones, _c21 cm. |
||
| 505 | _aContenido: Tahuantinsuyo -- nueva castilla y nueva toledo -- la organizacion virreynal -- el alma nacional -- independencia y desunion... | ||
| 650 |
_aTahuantinsuyo _99815 |
||
| 650 |
_aVirreinal _926540 |
||
| 650 |
_aAmerica _91348 |
||
| 650 |
_aLiteratura _983 |
||
| 942 |
_2ddc _cLIBROS |
||
| 945 | _apjha | ||